000 00699cam a22001817a 4500
008 180718b2000 xxu||||| |||| 00| 0 eng d
020 _a0765806584
082 _aB3 L519c
245 _aCan governments learn?: comparative perspectives on evaluation and organizational learning
_cedited by Frans L. Leeuw, Ray C. Rist and R.C. Sonnichsen
260 _aNew Brunswick
_bTransaction
_c2000
300 _a212p.
650 _aOrganizational change --Evaluation --Case studies.
650 _aOrganizational behavior --Evaluation --Case studies
650 _aPublic administration --Evaluation --Case studies
700 _aSonnichsen, Richard C.
700 _aRist, Ray C.
700 _aLeeuw, Frans L.
999 _c394323
_d394323